Visualizzazione normale
Vista MARC
- Rusconi Bice Jahn
di Personal Name
Records bibliografici associati: 1
001 - CONTROL NUMBER
- control field: 34092
003 - CONTROL NUMBER IDENTIFIER
- control field: IT-RoPau
005 - DATE AND TIME OF LATEST TRANSACTION
- control field: 20150205114911.0
008 - FIXED-LENGTH DATA ELEMENTS
- fixed length control field: 150205|| aca||aabn | a|a d
040 ## - CATALOGING SOURCE
- Original cataloging agency: IT-RoPau
- Transcribing agency: IT-RoPau
100 ## - HEADING--PERSONAL NAME
- Personal name: Rusconi Bice Jahn
- Relator term: Traduzione
670 ## - SOURCE DATA FOUND
- Source citation: Work cat.: (IT-RoPau)8667: Romano Guardini 34091, Il rosario della Madonna, 1953